00751 2200181 4500001002100000005001500021035002000036245006900056100001100125250001000136300001200146260004400158082000800202084001400210020002100224650001400245520031000259INLIS00000000000043920210326102757 a0010-03210002661 aPembuatan Garam Rakyat dengan Teknologi Geomembrane /cA. Unjiya0 aUnjiya acet.2 a119hal. aSleman, Yogyakarta :bSalma Idea,c2017 a664 a664 UNJ p a978602-70501-8-1 4aTeknologi aIndonesia yang secara geografis mempunyai garis pantai terpanjang keempat di dunia. Posisi pertama diduduki Amerika Serikat, menyusul kemudian Kanada, Rusia. Posisi ini seolah memberi berkah tersendiri bagi produksi garam, terlebih ditambah dukungan pemerintah yang menyetop[ impor garam dari luar negeri.